00499nam a2200169Ia 450000500170000000800410001702000150005808200130007310000180008624500300010426000420013430000120017665000220018894200060021095200980021699900150031420250428013247.0240331s9999 xx 000 0 und d a9555670005 bLEEa891 aLeelarathne,U 0aMinis bombaya ha wedanawa aColombobDatyawanasa Publishersc1999 a84 p ., aTamil Short Story cL 001040708LaWERCLbWERCLcSSCd2024-03-31l0o 891.48 LEEp4654r2024-03-31w2024-03-31yL c4855d4855